Rutas culturales Jalisco MX : ruta franciscana de Tzapopan /
Serie que recupera en textos breves con estructura de guías turísticas, la riqueza patrimonial, natural y cultural del estado de Jalisco, a través de rutas diversas, no necesariamente excluyentes; así, por ejemplo, el municipio de Magdalena aparece por igual en la ruta del paisaje agavero que en la...
Сохранить в:
| Главный автор: | |
|---|---|
| Другие авторы: | , |
| Формат: | |
| Язык: | испанский |
| Опубликовано: |
Guadalajara, México :
Gobierno del Estado de Jalisco, Secretaría de Cultura,
2009, c2009
|
| Серии: | (Rutas Culturales Jalisco MX ;
6) |
| Предметы: | |
| Метки: |
Нет меток, Требуется 1-ая метка записи!
|
MARC
| LEADER | 00000nam^a2200000^a^4500 | ||
|---|---|---|---|
| 001 | 000309703 | ||
| 005 | 20250521000000.0 | ||
| 009 | 20260310112953.79 | ||
| 020 | |a 978-970-624-612-7 | ||
| 037 | |a Acervo ITESO - Biblioteca | ||
| 041 | |a ESP | ||
| 082 | |a 917. 204 |b RUT V. 6 | ||
| 100 | |a Esponda Mendoza, María Prisca |e (ed. y coord.) | ||
| 240 | 1 | 1 | |a [Rutas culturales Jalisco MX] |
| 245 | 1 | 0 | |a Rutas culturales Jalisco MX : |b ruta franciscana de Tzapopan / |c Ed. y coord. de M.P. Esponda Mendoza ; introd. y texto de F.J. Belgodere Brito ; colaboración de H. Monraz Delgado. |
| 264 | 4 | |a Guadalajara, México : |b Gobierno del Estado de Jalisco, Secretaría de Cultura, |c 2009, c2009 | |
| 300 | |a 91 p. | ||
| 336 | |a texto |b txt |2 rdacontenido | ||
| 337 | |a sin mediación |b n |2 rdamedio | ||
| 338 | |a volumen |b nc |2 rdasoporte | ||
| 440 | 1 | |a (Rutas Culturales Jalisco MX ; |v 6) | |
| 520 | |a Serie que recupera en textos breves con estructura de guías turísticas, la riqueza patrimonial, natural y cultural del estado de Jalisco, a través de rutas diversas, no necesariamente excluyentes; así, por ejemplo, el municipio de Magdalena aparece por igual en la ruta del paisaje agavero que en la de la zona de los Guachimontones y Ameca en ésta y en la que tiene como tema central las peregrinaciones a Talpa. | ||
| 649 | |a XX | ||
| 650 | |a Guías Turísticas | ||
| 650 | |a Franciscanos en Zapopan, Jalisco - |x Tema Principal | ||
| 650 | |a Franciscanos en México | ||
| 650 | |a Monasticismo y Ordenes Religiosas - |z Zapopan, Jalisco | ||
| 650 | |a Monasticismo y Ordenes Religiosas - |z México | ||
| 650 | |a Turismo Religioso - |z Zapopan, Jalisco | ||
| 650 | |a Turismo - |z Zapopan, Jalisco - |x Tema Principal | ||
| 650 | |a Turismo - |z Jalisco - |x Tema Principal | ||
| 650 | |a Turismo - |z México | ||
| 650 | |a Identidad Cultural - |z Jalisco | ||
| 650 | |a Identidad Cultural - |z México | ||
| 650 | |a Valoración Patrimonial e Histórica - |z Jalisco | ||
| 650 | |a Valoración Patrimonial e Histórica - |z México | ||
| 650 | |a Templos Cristianos - |z Jalisco | ||
| 650 | |a Templos Cristianos - |z México | ||
| 650 | |a Arquitectura Religiosa - |z Jalisco - |x Historia y Crítica - |x Tema Principal | ||
| 650 | |a Arquitectura Religiosa - |z México - |x Historia y Crítica | ||
| 650 | |a Arquitectura Virreinal - |z Jalisco - |x Historia y Crítica - |x Tema Principal | ||
| 650 | |a Arquitectura Virreinal - |z México - |x Historia y Crítica | ||
| 650 | |a Arquitectura Jalisciense - |x Historia y Crítica | ||
| 650 | |a Arquitectura Mexicana - |x Historia y Crítica | ||
| 650 | |a Arte Jalisciense - |x Historia y Crítica | ||
| 650 | |a Arte Mexicano - |x Historia y Crítica | ||
| 650 | |a Nextipac, Jalisco - |x Descripción - |x Guías Turísticas | ||
| 650 | |a Santa Ana Tepetitlán, Jalisco - |x Descripción - |x Guías Turísticas | ||
| 650 | |a Tesistán, Jalisco - |x Descripción - |x Guías Turísticas | ||
| 650 | |a San Juan de Ocotán, Jalisco - |x Descripción - |x Guías Turísticas | ||
| 650 | |a Atemajac del Valle, Jalisco - |x Descripción - |x Guías Turísticas | ||
| 650 | |a San Francisco Ixcatlán, Jalisco - |x Descripción - |x Guías Turísticas | ||
| 650 | |a Zapopan, Jalisco - |x Descripción - |x Guías Turísticas - |x Tema Principal | ||
| 650 | |a Jalisco - |x Descripción - |x Guías Turísticas - |x Tema Principal | ||
| 650 | |a Jalisco - |x Historia | ||
| 650 | |a México - |x Descripción - |x Guías Turísticas | ||
| 650 | |a México - |x Historia | ||
| 700 | |a Belgodere Brito, Francisco José |e (introducción y texto) | ||
| 700 | |a Monraz Delgado, Hilda |e (colaboración) | ||
| 910 | |a Fondo General | ||
| 920 | |a Impresos - Libros | ||
| 930 | |a Obras de Referencia | ||
| 905 | |a 102 | ||
| 901 | |a 0500195896 |b IT2 |c REF |i C127943 |u 20250521 | ||
| 902 | |a https://opac.biblio.iteso.mx/vufind/Record/000309703 | ||